| 000 -LEADER |
| fixed length control field |
01519nam a2200409 i 4500 |
| 001 - CONTROL NUMBER |
| control field |
014620437 |
| 003 - CONTROL NUMBER IDENTIFIER |
| control field |
Uk |
| 005 - DATE AND TIME OF LATEST TRANSACTION |
| control field |
20230818111520.0 |
| 008 - FIXED-LENGTH DATA ELEMENTS--GENERAL INFORMATION |
| fixed length control field |
080520r20082005enka 000 j eng |
| 015 ## - NATIONAL BIBLIOGRAPHY NUMBER |
| National bibliography number |
GBB471032 |
| Source |
bnb |
| 016 7# - NATIONAL BIBLIOGRAPHIC AGENCY CONTROL NUMBER |
| Record control number |
014620437 |
| Source |
Uk |
| 020 ## - INTERNATIONAL STANDARD BOOK NUMBER |
| International Standard Book Number |
9780194790871 (paperback) |
| 040 ## - CATALOGING SOURCE |
| Original cataloging agency |
Uk |
| Language of cataloging |
eng |
| Transcribing agency |
Uk |
| Description conventions |
rda |
| 042 ## - AUTHENTICATION CODE |
| Authentication code |
ukblsr |
| 082 04 - DEWEY DECIMAL CLASSIFICATION NUMBER |
| Classification number |
428.6 ESC |
| 100 1# - MAIN ENTRY--PERSONAL NAME |
| Personal name |
Escott, John, |
| Relator term |
author. |
| 245 14 - TITLE STATEMENT |
| Title |
The pit and the pendulum and other stories / |
| Statement of responsibility, etc. |
Edgar Allan Poe ; retold by John Escott ; illustrated by Ian Miller. |
| 250 ## - EDITION STATEMENT |
| Edition statement |
Simplified edition. |
| 264 #1 - PRODUCTION, PUBLICATION, DISTRIBUTION, MANUFACTURE, AND COPYRIGHT NOTICE |
| Place of production, publication, distribution, manufacture |
Oxford : |
| Name of producer, publisher, distributor, manufacturer |
Oxford University Press, |
| Date of production, publication, distribution, manufacture, or copyright notice |
[2008] |
| 300 ## - PHYSICAL DESCRIPTION |
| Extent |
56 pages : |
| Other physical details |
illustrations (black and white) ; |
| Dimensions |
20 cm. |
| 336 ## - CONTENT TYPE |
| Content type term |
text |
| Source |
rdacontent |
| 337 ## - MEDIA TYPE |
| Media type term |
unmediated |
| Source |
rdamedia |
| 338 ## - CARRIER TYPE |
| Carrier type term |
volume |
| Source |
rdacarrier |
| 490 0# - SERIES STATEMENT |
| Series statement |
Oxford bookworms library. Fantasy & horror. Stage 2 |
| 500 ## - GENERAL NOTE |
| General note |
Originally published: 2005. |
| 500 ## - GENERAL NOTE |
| General note |
Simplified ed. |
| 505 0# - FORMATTED CONTENTS NOTE |
| Formatted contents note |
Pit and the pendulum -- Cask of Amontillado -- Premature burial -- The meeting -- Oval portrait. |
| 530 ## - ADDITIONAL PHYSICAL FORM AVAILABLE NOTE |
| Additional physical form available note |
Also available as an audio CD. |
| 650 #0 - SUBJECT ADDED ENTRY--TOPICAL TERM |
| Topical term or geographic name entry element |
Readers. |
| 700 1# - ADDED ENTRY--PERSONAL NAME |
| Personal name |
Miller, Ian, |
| Dates associated with a name |
1946- |
| Relator term |
illustrator. |
| 700 1# - ADDED ENTRY--PERSONAL NAME |
| Personal name |
Poe, Edgar Allan, |
| Dates associated with a name |
1809-1849. |
| Title of a work |
Pit and the pendulum. |
| 700 1# - ADDED ENTRY--PERSONAL NAME |
| Personal name |
Poe, Edgar Allan, |
| Dates associated with a name |
1809-1849. |
| Title of a work |
Cask of Amontillado. |
| 700 1# - ADDED ENTRY--PERSONAL NAME |
| Personal name |
Poe, Edgar Allan, |
| Dates associated with a name |
1809-1849. |
| Title of a work |
Premature burial. |
| 700 1# - ADDED ENTRY--PERSONAL NAME |
| Personal name |
Poe, Edgar Allan, |
| Dates associated with a name |
1809-1849, |
| Relator term |
Meeting. |
| 700 1# - ADDED ENTRY--PERSONAL NAME |
| Personal name |
Poe, Edgar Allan, |
| Dates associated with a name |
1809-1849. |
| Title of a work |
Oval portrait. |
| 942 ## - ADDED ENTRY ELEMENTS (KOHA) |
| Source of classification or shelving scheme |
|
| Koha item type |
Teaching Resources |